| 000 | 00796nam a2200205Ia 4500 | ||
|---|---|---|---|
| 001 | 15159 | ||
| 003 | GE_BSU | ||
| 008 | 181216s||||||||xx |||||||||||||| ||und|| | ||
| 020 | _a9789941450112 | ||
| 040 | _cGE_BSU | ||
| 080 | _a73(479.22)(092) | ||
| 245 | _aნინო წერეთელი: პირველი ქართველი მოქანდაკე-110 | ||
| 245 | _cრედ.ლია მელიქიშვილი, ჯუანშერ ამირანაშვილი | ||
| 260 | _aთბილისი | ||
| 260 | _bმწიგნობარი | ||
| 260 | _c2013 | ||
| 300 | _a308გვ.ილ.24სმ. | ||
| 653 | _aნინო წერეთელი: პირველი ქართველი მოქანდაკე-110 | ||
| 942 | _cBK | ||
| 999 |
_c48274 _d48274 |
||